书目信息 |
| 题名: |
非说不可
|
|
| 作者: | 孟非 著 | |
| 分册: | ||
| 出版信息: | 南京 南京大学出版社 2011.05 |
|
| 页数: | 309页 | |
| 开本: | 23cm | |
| 丛书名: | ||
| 单 册: | ||
| 中图分类: | D609.9 | |
| 科图分类: | ||
| 主题词: | 时事评论--中国--现代--选集 , 时事评论 | |
| 电子资源: | ||
| ISBN: | 978-7-305-07936-8 | |
| 000 | 00673nam0 2200241 450 | |
| 001 | 004871733 | |
| 005 | 20120626153355.26 | |
| 010 | @a978-7-305-07936-8@dCNY33.50 | |
| 100 | @a20110610d2011 em y0chiy50 ea | |
| 101 | 0 | @achi |
| 102 | @aCN@b320000 | |
| 105 | @af z 000yy | |
| 106 | @ar | |
| 200 | 1 | @a非说不可@9fei shuo bu ke@f孟非著 |
| 210 | @a南京@c南京大学出版社@d2011.05 | |
| 215 | @a309页@c照片@d23cm | |
| 330 | @a本书收录的是从2009年初孟非开博客以来的一些新闻时评。 | |
| 606 | 0 | @a时事评论@y中国@z现代@j选集 |
| 606 | 0 | @a时事评论 |
| 690 | @aD609.9@v4 | |
| 701 | 0 | @a孟非@9meng fei@4著 |
| 801 | 0 | @aCN@bNLC@c20110610 |
| 905 | @b541323-28@dD609.9@e105@f6 | |
| 非说不可/孟非著.-南京:南京大学出版社,2011.05 |
| 309页:照片;23cm |
| ISBN 978-7-305-07936-8:CNY33.50 |
| 本书收录的是从2009年初孟非开博客以来的一些新闻时评。 |
| ● |
| 相关链接 |
|
|
|
|
正题名:非说不可
索取号:D609.9/105
 
预约/预借
| 序号 | 登录号 | 条形码 | 馆藏地/架位号 | 状态 | 备注 |
| 1 | 541323 | 205413239 | 第一样本阅览室/ [索取号:D609.9/105] | 在馆 | |
| 2 | 541324 | 205413248 | 密集书库-史法系/ [索取号:D609.9/105] | 在馆 | |
| 3 | 541325 | 205413257 | 第一借阅区/ [索取号:D609.9/105] | 在馆 | |
| 4 | 541326 | 205413266 | 第一借阅区/ [索取号:D609.9/105] |
已借出,限还日期为2015.02.18 借出人:李艳昆 |
|
| 5 | 541327 | 205413275 | 第一借阅区/ [索取号:D609.9/105] | 在馆 | |
| 6 | 541327 | 205413284 | 第一借阅区/ [索取号:D609.9/105] | 在馆 |